Freshwater vegetation management (Record no. 9690)
[ view plain ]
| 000 -LEADER | |
|---|---|
| fixed length control field | 00236nam a22001217a 4500 |
| 040 ## - CATALOGING SOURCE | |
| Transcribing agency | SY |
| 082 ## - DEWEY DECIMAL CLASSIFICATION NUMBER | |
| Classification number | 628 |
| 100 ## - MAIN ENTRY--AUTHOR NAME | |
| Personal name | EDWARD |
| 245 ## - TITLE STATEMENT | |
| Title | Freshwater vegetation management |
| 260 ## - PUBLICATION, DISTRIBUTION, ETC. (IMPRINT) | |
| Place of publication | RUA |
| Name of publisher | EDW |
| Year of publication | 1986 |
| 300 ## - PHYSICAL DESCRIPTION | |
| Number of Pages | 377p. |
| 942 ## - ADDED ENTRY ELEMENTS (KOHA) | |
| Koha item type | សៀវភៅភាសាអង់គ្លេស |
| 952 ## - LOCATION AND ITEM INFORMATION (KOHA) | |
| Withdrawn status [LOCAL, KOHA] | 0 |
| 952 ## - LOCATION AND ITEM INFORMATION (KOHA) | |
| Withdrawn status [LOCAL, KOHA] | 0 |
| 952 ## - LOCATION AND ITEM INFORMATION (KOHA) | |
| Withdrawn status [LOCAL, KOHA] | 0 |
| Permanent Location | Date acquired | Koha item type | Lost status | Shelving location | Barcode | Current Location | Full call number |
|---|---|---|---|---|---|---|---|
| Library Block C | 2016-09-07 | សៀវភៅភាសាអង់គ្លេស | C237 | A00915 | Library Block C | 628 EDW 1986 C237 | |
| Library Block C | 2016-09-07 | សៀវភៅភាសាអង់គ្លេស | C237 | A00260 | Library Block C | 628 EDW 1986 C237 | |
| Library Block C | 2016-09-07 | សៀវភៅភាសាអង់គ្លេស | C237 | A01056 | Library Block C | 628 EDW 1986 C237 |